MARC

LEADER 00000nam0a2200000 4500
001 134165
005 20231101220455.0
035 |a (RuTPU)RU\TPU\book\145416 
090 |a 134165 
100 |a 20080326d1980 km y0rusy50 ca 
101 1 |a rus  |c ger 
102 |a RU 
105 |a a z 001zy 
200 1 |a Физические основы записи информации  |e пер. с нем.  |f М. Сиаккоу  |g пер. И. Д. Гурвица ; под ред. В. Г. Королькова 
210 |a Москва  |c Связь  |d 1980 
215 |a 192 с.  |c ил. 
320 |9 572  |a Библиогр.: с. 177-186 
320 |9 572  |a Предм. указ.: с. 188-189 
606 1 |a Звукозапись магнитная  |x Физические основы  |2 stltpush  |3 (RuTPU)RU\TPU\subj\11528  |9 38451 
606 1 |a Запоминающие устройства на магнитных сердечниках  |2 stltpush  |3 (RuTPU)RU\TPU\subj\11338  |9 38288 
610 1 |a информация 
610 1 |a техника записи 
610 1 |a полупроводниковые запоминающие устройства 
610 1 |a переключающие устройства 
610 1 |a магнитная запись 
610 1 |a воспроизведение 
610 1 |a тонкие магнитные пленки 
610 1 |a голографическая запись 
610 1 |a электронно-лучевые устройства 
675 |a 681.84.083  |v 3 
675 |a 621.327.66  |v 3 
700 1 |a Сиаккоу  |b М. 
702 1 |a Гурвиц  |b И. Д.  |4 730 
702 1 |a Корольков  |b В. Г.  |4 340 
801 1 |a RU  |b 63413507  |c 20080228  |g PSBO 
801 2 |a RU  |b 63413507  |c 20210419  |g PSBO 
942 |c BK